• 首页
  • 本馆介绍
  • 公告通知
  • 最新文献
  • 馆藏检索
  • 电子资源
  • 读者导购
  • 参考咨询
  • 我的图书馆
  • 登录
  • 详细信息显示
  • 放入我的书架
  • 预约/预借图书
  • 作者相关作品
  • 分类相关作品
  • 丛书相关作品
  • 出版社相关作品

书目信息

  • 表格格式
  • 工作单格式
  • 卡片格式
题名:
中国古老文化寻踪
    
 
作者: 姚丽娟 著 ;刘晓峰 , 崔坚 摄影
分册:   远古村落
出版信息: 北京   中国科学技术出版社  2015
页数: 167页
开本: 30cm
丛书名:
单 册:
中图分类: K203-64 , K29-64
科图分类:
主题词: 中华文化--zhong hua wen hua--介绍--摄影集 , 中华文化--zhong hua wen hua--村落文化--远古文化--介绍--摄影集
电子资源:
ISBN: 978-7-5046-6789-2
000 01061nam0 22003011 450
001 1755135441
005 20170605153856.21
010    @a978-7-5046-6789-2@b精装@dCNY148.00
100    @a20150528d2015 em y0chiy50 ea
101 0  @achi
102    @aCN@b110000
105    @aa z 000yy
106    @ar
200 1  @a中国古老文化寻踪@Azhong guo gu lao wen hua xin zong@i远古村落@f姚丽娟著@g刘晓峰,崔坚等摄影
210    @a北京@c中国科学技术出版社@d2015
215    @a167页@d30cm
300    @a国家出版基金项目
330    @a本书以生活在中华大地的民族部落为载体,展现各民族独有的瑰丽色彩和淳朴包容的情怀。
517 1  @a远古村落@Ayuan gu cun luo
606 0  @a中华文化@Azhong hua wen hua@x介绍@j摄影集
606 0  @a中华文化@Azhong hua wen hua@x村落文化@x远古文化@x介绍@j摄影集
690    @aK203-64@v5
690    @aK29-64@v5
701  0 @a姚丽娟@Ayao li juan@c(民族文化)@4著
702  0 @a刘晓峰@Aliu xiao feng@c(摄影)@4摄影
702  0 @a崔坚@Acui jian@c(摄影家)@4摄影
801  0 @aCN@bTANG WEI@c20170601
905    @b0972139-41@dK203-64@e234:1@f3
    
    中国古老文化寻踪.远古村落/姚丽娟著/刘晓峰,崔坚等摄影 .-北京:中国科学技术出版社,2015
    167页;30cm
    国家出版基金项目
    
    ISBN 978-7-5046-6789-2(精装):CNY148.00
    本书以生活在中华大地的民族部落为载体,展现各民族独有的瑰丽色彩和淳朴包容的情怀。
●
相关链接 在E读中查询图书 在五车中查询图书 在当当中查询图书 在豆瓣中查询图书


正题名:中国古老文化寻踪     索取号:K203-64/234:1         预约/预借

序号 登录号 条形码 馆藏地/架位号 状态 备注
1 0972139   209721390   第二样本阅览室/ [索取号:K203-64/234:1] 在馆    
2 0972140   209721407   第二借阅区/ [索取号:K203-64/234:1] 在馆    
3 0972141   209721416   密集书库-资源管理系/ [索取号:K203-64/234:1] 在馆    
唐山师范学院图书馆 欢迎您!
大连网信软件有限公司© 版权所有